Teatro, público y estado en San José, 1880-1914 : una aproximación desde la historia social /
محفوظ في:
| المؤلف الرئيسي: | |
|---|---|
| التنسيق: | كتاب |
| اللغة: | Spanish |
| منشور في: |
San José, Costa Rica :
Editorial de la Universidad de Costa Rica,
1996.
|
| الطبعة: | 1. edición |
| سلاسل: | Colección Nueva historia
|
| الموضوعات: | |
| الوصول للمادة أونلاين: | http://www.h-net.org/review/hrev-a0a0s6-aa |
| الوسوم: |
إضافة وسم
لا توجد وسوم, كن أول من يضع وسما على هذه التسجيلة!
|
MARC
| LEADER | 00000cam a2200000 a 4500 | ||
|---|---|---|---|
| 001 | 4026093 | ||
| 005 | 20160209101412.0 | ||
| 008 | 970806s1996 cr a b 000 0 spa | ||
| 020 | |a 997767311X | ||
| 040 | |a DLC |c DLC |d DLC |d CIICLA UCR | ||
| 082 | 0 | 0 | |a 792.015 |2 21 |b F977t |
| 100 | 1 | |a Fumero Vargas, Patricia |d 1958- | |
| 245 | 1 | 0 | |a Teatro, público y estado en San José, 1880-1914 : |b una aproximación desde la historia social / |c Patricia Fumero |
| 250 | |a 1. edición | ||
| 260 | |a San José, Costa Rica : |b Editorial de la Universidad de Costa Rica, |c 1996. | ||
| 300 | |a 245 páginas : |b ilustraciones ; |c 21 centímetros. | ||
| 490 | 1 | |a Colección Nueva historia | |
| 504 | |a Incluye referencias bibliográficas (páginas 237-245). | ||
| 505 | |t La infraestructura teatral en el San José de fin de siglo. 1880-1914 -- Las compañías de teatro --De lo permisible a lo prohibido: el público y la crítica -- Teatro, Estado e Iglesia. | ||
| 650 | 1 | 4 | |a TEATRO COSTARRICENSE |z COSTA RICA |x HISTORIA |y SIGLO XIX |
| 650 | 1 | 4 | |a TEATRO |z COSTA RICA |x HISTORIA Y CRITICA |
| 856 | 4 | 2 | |u http://www.h-net.org/review/hrev-a0a0s6-aa |
| 942 | |2 ddc |c BK | ||
| 999 | |c 4538 |d 4538 | ||



